Lịch sử triết học Dành cho cử nhân Sư phạm Triết học, cử nhân Sư phạm Giáo dục chính trị...

Trình bày khái lược về triết học và lịch sử triết học. Lịch sử triết học phương Đông cổ - trung đại, triết học phương Tây và triết học Mác - Lênin

Bewaard in:
Bibliografische gegevens
Andere auteurs: Vũ Thị Kim Dung, Lê Duy Hoa, Trần Đăng Sinh (ch.b.), Nguyễn Thị Thường, Bùi Thị Tỉnh
Formaat: Boek
Taal:Vietnamese
Gepubliceerd in: H. Đại học Sư phạm 2012
Editie:In lần thứ 5
Onderwerpen:
Tags: Voeg label toe
Geen labels, Wees de eerste die dit record labelt!
Thư viện lưu trữ: Mạng thư viện Đại học Đà Nẵng
LEADER 01629aam a22004098a 4500
001 000019889
003 16330
005 20141126081107.0
008 141126s2012 viesd
020 |c 44000đ  |d 1000b 
041 0 |a vie 
082 1 4 |2 14  |a 180  |b Lic 
245 0 0 |a Lịch sử triết học  |b Dành cho cử nhân Sư phạm Triết học, cử nhân Sư phạm Giáo dục chính trị...  |c Trần Đăng Sinh (ch.b.), Vũ Thị Kim Dung, Lê Duy Hoa... 
250 |a In lần thứ 5 
260 |a H.  |b Đại học Sư phạm  |c 2012 
300 |a 243 tr.  |c 24 cm. 
504 |a Thư mục: tr. 224-243 
520 |a Trình bày khái lược về triết học và lịch sử triết học. Lịch sử triết học phương Đông cổ - trung đại, triết học phương Tây và triết học Mác - Lênin 
650 0 4 |2 Bộ TK TVQG  |a Triết học  |x Lịch sử 
650 7 |2 Bộ TK TVQG 
651 7 |2 Bộ TK TVQG  |a Thế giới 
653 |a Lịch sử triết học 
700 1 |a Vũ Thị Kim Dung 
700 1 |a Lê Duy Hoa 
700 1 |a Trần Đăng Sinh  |e ch.b. 
700 1 |a Nguyễn Thị Thường 
700 1 |a Bùi Thị Tỉnh 
OWN |a LSP 
AVA |a UDN50  |b LSP  |d 180 Lic  |e available  |t Error 5001 Not defined in file expand_doc_bib_avail.  |f 10  |g 5  |h N  |i 16  |k 1 
999 |a From the UDN01 
AVA |a UDN50  |b LSP  |d 180 Lic  |e available  |t Error 5001 Not defined in file expand_doc_bib_avail.  |f 10  |g 5  |h N  |i 16  |k 1 
TYP |a Monograph 
TYP |a Printed language 
980 |a Mạng thư viện Đại học Đà Nẵng